| 000 | 00341nam a2200121Ia 4500 | ||
|---|---|---|---|
| 008 | 210430s9999 xx 000 0 und d | ||
| 082 | _a530 H1571 F | ||
| 100 |
_aDavid Halliday _940162 |
||
| 245 |
_aFundamentals Of Physics 6th edition _cDavid Halliday |
||
| 260 |
_aIndia _bInternational edition _c2012 |
||
| 300 | _a1144p | ||
| 942 |
_cBK _2ddc |
||
| 999 |
_c564984 _d564984 |
||